Biblioteca da Unidade Pastoral de Sintra

Vaticano II (Registo nº 3493)

000 -Record Label
fixed length control field 00586cam a22002051i04500
003 - Persistent Record Identifier
control field http://id.bnportugal.gov.pt/bib/porbase/1792378
005 - Version Identifier
control field 20200106170308.0
100 ## - General Processing Data
General Processing Data 19970419d1962 km y0pory5003 ba
200 1# - Title and Statement of Responsibility
Title Proper Vaticano II
Other Title Information Concílio de João XXII
First Statement of Responsibility Henri Petiot Daniel-Rops
210 ## - Publication, Distribution, etc.
Place of Publication, Distribution, etc. Porto
Name of Publisher, Distributor, etc. Tavares Martins,
Date of Publication, Distribution, etc. 1962
215 ## - Physical Description
Specific Material Designation and Extent of Item 272 p.
Dimensions 19 cm
225 2# - Series
Series Title Tavares Martins
600 ## - Personal Name Used as Subject
Entry Element Henri Petiot Daniel-Rops
601 ## - Corporate Body Name Used as Subject
Entry Element Tavares Martins,
675 ## - Universal Decimal Classification (UDC)
Number 262.5 Vat. II
700 #1 - Personal Name - Primary Responsibility
Entry Element Rops,
Part of Name Other than Entry Element Daniel,
Dates 1901-1965
801 #0 - Originating Source
Country PT
Agency BN
Cataloguing Rules (Descriptive Conventions) RPC
090 ## - System Control Numbers (Koha)
Koha biblioitem number (autogenerated) 3493
942 ## - ADDED ENTRY ELEMENTS (KOHA)
Koha item type Books
Exemplares
Origin of item (home branch) (free text) Type of item and material Lost status Lending or holding organisation (holding branch) code Call number (full call number) Withdrawn status Origin of item (home branch (coded) Barcode Coded location qualifier Circulation type (not for loan)
UPSBooks Biblioteca da Unidade Pastoral de Sintra262.5 DAN 3104 Biblioteca da Unidade Pastoral de Sintra31042020-01-06 

Powered by Koha